| 000 | 00398nam a2200157Ia 4500 | ||
|---|---|---|---|
| 003 | GCL | ||
| 008 | 140319s9999 xx 000 0 eng d | ||
| 040 |
_aGCL / _cGCL |
||
| 082 | 0 | 4 |
_a792.0226 _bE T |
| 100 | 1 | _aENGLAN, ALAN | |
| 245 | 1 | 0 |
_aTHEATRE FOR THE YOUNG / _cENGLAN, ALAN |
| 260 |
_a[S.N] : _bMACMILLAN ، _c1990 |
||
| 300 | _a243 P | ||
| 650 | 0 | 4 | _aTHEATER - YOUNG PERSONS |
| 942 |
_2ddc _cBK |
||
| 999 |
_c25687 _d25687 |
||